| 000 | 01113cam a2200241 4500 | ||
|---|---|---|---|
| 001 | ABS65816 | ||
| 008 | 020904n2002 000 0 eng u | ||
| 035 | _a(Sirsi) u119560 | ||
| 100 | _aJones, N. | ||
| 245 | _aTransport is the key | ||
| 260 | _c2002 | ||
| 490 |
_aEstates Gazette _v(0235) 31 August 2002, 63-64(2) |
||
| 520 | _aExamines business opportunities in the southwest of the UK and the attempts by organisations such as the newly developed South West of England Regional Development Agency to attract more occupiers. Notes that the regional assembly has won over sceptics that argued it would be dominated by the stronger local economies of Greater Bristol or Swindon. Important to the success of the commercial property market in the area over the next decade will be an improvement in the investment level for roads and rail. | ||
| 590 | _aABS | ||
| 650 | _aSOUTH WEST | ||
| 650 | _aOCCUPIERS | ||
| 650 | _aREGIONAL ASSEMBLIES | ||
| 650 | _aMETEOROLOGICAL OFFICE | ||
| 650 | _aTRANSPORT LINKS | ||
| 650 | _aTRANSPORT NETWORKS | ||
| 690 | _aPROPERTY-PROPERTY DEVELOPMENT | ||
| 942 | _n0 | ||
| 999 |
_c71083 _d71083 |
||